000 00463nam a22001812 4500
001 0000005570
005 20151217160107.0
008 070619s xx 000 0 eng d
040 _aKABU
_cKABU
050 0 _aPZ7
_b.M6E56
100 1 _aMpesha, Nyambura.
_@0000156827
245 1 0 _aEleo the chameleon.
260 _aNairobi :
_bEAEP,
_c1998.
300 _a30 p.
908 _a070619
950 _@1
999 _c14138
_d14138